| 000 | 00449nam a2200181Ia 4500 | ||
|---|---|---|---|
| 008 | 221030s9999 xx 000 0 und d | ||
| 020 | _a8120309618 | ||
| 041 | _aEnglish | ||
| 082 |
_a105.23 _bTul |
||
| 100 | _aD. S. Tull | ||
| 245 | 0 |
_aMarketing Research Measurement & Method _cby D. S. Tull, D. I. Hawkins |
|
| 250 | _a6th | ||
| 260 |
_bTMH _aNew Delhi _c2005 |
||
| 300 | _a863 | ||
| 650 | _aManagement | ||
| 700 | _aD. I. Hawkins | ||
| 942 | _cBK | ||
| 999 |
_c567 _d567 |
||